| 000 | 00756nam a22002177a 4500 | ||
|---|---|---|---|
| 005 | 20240530110958.0 | ||
| 008 | 221204s2009 au a f b 000 0 eng d | ||
| 017 | _a2009/3229 | ||
| 020 | _a9774114280 | ||
| 040 |
_aEG-CaGPL _cEG-CaGPL |
||
| 082 | 0 | 4 |
_221 _a633 _bح و |
| 100 | 0 | _aحسن عوده عواد | |
| 245 | 1 | 0 |
_aوراثة وتربية المحاصيل لتحمل الاجهاد البيئى / _cتاليف حسن عوده عواد |
| 250 | _aط.1 | ||
| 260 |
_aالاسكندرية : _bالمكتبة المصرية للنشر و التوزيع ، _c2009 |
||
| 300 |
_a534 ص. ؛ _c24 سم. |
||
| 650 | 0 | 7 |
_2qrmak _a المحاصيل الزراعية |
| 651 | _2qrmak | ||
| 942 |
_2ddc _cBK |
||
| 999 |
_c67129 _d67129 |
||